Statistics for Every City in Rhode Island on a Map

Click here to take the quiz!

General Stats

  • This quiz has been taken 70 times
  • The average score is 5 of 8

Answers on the Map

Answers color-coded by a green-red scale on the quiz's map according to % correct below.
 

Answer Stats

PopulationCity% Correct
179,883Providence
100%
81,004Warwick
75%
24,334Newport
73%
72,117Pawtucket
70%
81,456Cranston
59%
41,751Woonsocket
55%
47,618East Providence
52%
19,568Central Falls
39%

Score Distribution

Percentile by Number Answered

Percent of People with Each Score

Your Score History

You have not taken this quiz